000
00332 a2200157 4500
001
170711
020
_a
040
_c
Magnum
100
_a
Herr, Nicole
240
1
0
_a
Aprendendo a ler com o jornal
_l
por
245
1
0
_a
Aprendendo a ler com o jornal
362
0
_a
1899
440
1
_a
Dimensão
697
_a
ENSINO
942
_c
BK
999
_c
170711
_d
170711